000 00469nam a2200193 a 4500
001 1758522272641
003 ACL
005 20250922115631.0
008 250922s2004##################000#0#eng##
020 _a9780747568582
082 0 4 _a796
_bSAL
100 1 _aSalisbury, Gay,
_eauthor.
245 1 0 _aThe Cruellest Miles :
260 _bBloomsbury Paperbacks,
_c2004.
300 _a320 pages
650 0 _aDiphtheria.
942 _cENGLISH
040 _aACL
_beng
_cACL
999 _c588744
_d588744